000 00496nam a22001817a 4500
999 _c15074
_d15074
003 PK-NaQUE
005 20260120115055.0
008 260120b ||||| |||| 00| 0 eng d
040 _cQUEST
082 _a954.7MAH
100 _aRahhdi, Mahtab Akbar
245 _aIndo-Pak Relations
260 _aJamhoro:
_bPakistan Study Centre,
_c1988.
300 _a140
650 _aIndia-Pakistan-Relations
856 _uhttp://10.10.170.122:8080/browse/book/29218
_yDownload eBook
942 _cBK
_2ddc